J. H. Pestalozzis ausgewählte werke. (Record no. 19432)

MARC details
000 -LEADER
fixed length control field 00946cam a22002651 4500
001 - CONTROL NUMBER
control field e 13000031
003 - CONTROL NUMBER IDENTIFIER
control field DLC
005 - DATE AND TIME OF LATEST TRANSACTION
control field 20260227111158.0
008 - FIXED-LENGTH DATA ELEMENTS--GENERAL INFORMATION
fixed length control field 830310m18941906gw 000 0 ger c
010 ## - LIBRARY OF CONGRESS CONTROL NUMBER
LC control number e 13000031
035 ## - SYSTEM CONTROL NUMBER
System control number (OCoLC)9300603
040 ## - CATALOGING SOURCE
Original cataloging agency Library, U.S. Bur. of Education
Transcribing agency OU
Modifying agency PP
-- DLC
042 ## - AUTHENTICATION CODE
Authentication code premarc
050 00 - LIBRARY OF CONGRESS CALL NUMBER
Classification number LB621
Item number .A2 1926
100 1# - MAIN ENTRY--PERSONAL NAME
Personal name Pestalozzi, Johann Heinrich,
Dates associated with a name 1746-1827.
245 10 - TITLE STATEMENT
Title J. H. Pestalozzis ausgewählte werke.
Remainder of title Mit Pestalozzis biographie
Statement of responsibility, etc. hrsg. von Friedrich Mann.
250 ## - EDITION STATEMENT
Edition statement 5. aufl.
260 ## - PUBLICATION, DISTRIBUTION, ETC.
Place of publication, distribution, etc. Langensalza,
Name of publisher, distributor, etc. H. Beyer & söhne,
Date of publication, distribution, etc. 1894-1906.
300 ## - PHYSICAL DESCRIPTION
Extent 4 v.
Other physical details 3 fold. diagr.
Dimensions 21 cm.
490 1# - SERIES STATEMENT
Series statement Added t.-p.: Bibliothek pädagogischer klassiker ... hrsg. von F. Mann. [bd. 1-4]
500 ## - GENERAL NOTE
General note 1 bd., 1897; 4. bd., 4. aufl., 1894.
500 ## - GENERAL NOTE
General note Title of 1. bd.: J. H. Pestalozzis ausgewählte schriften ...
650 #0 - SUBJECT ADDED ENTRY--TOPICAL TERM
Topical term or geographic name entry element Education.
700 1# - ADDED ENTRY--PERSONAL NAME
Personal name Mann, Friedrich,
Relator term ed.

No items available.

Powered by Koha